Riconosci la Squadra di calcio - Quiz n°62 - Statistics

Statistiche generali
  • Questo quiz è stato fatto 10 volte
  • Il punteggio medio è 7 su 10
Statistiche sulle risposte
Indizio Risposta % Corretto
Titoli nazionali 47 Titoli di Grecia
100%
Colori sociali Rosso, bianco
100%
Simboli L'olimpionico
86%
Capienza Stadio 33 334 posti
71%
Fondazione 1925
57%
Trofei internazionali 1 Coppa dei Balcani
57%
Trofei nazionali 28 Coppe di Grecia 4 Supercoppe di Grecia
57%
Squadra Olympiakos
57%
Divisione nazionale 2023-2024 Prima
57%
Confederazione UEFA
57%
Nessun quiz corrispondente trovato
Distribuzione punteggi
Percentuale di utenti per punteggio
Percentile per numero di risposta
I tuoi punteggi nel tempo
Non hai fatto questo quiz